000 00360cam a22001217a 4500
008 180718b1972 xxu||||| |||| 00| 0 eng d
082 _aB2 V957
100 _aDe Vree, Johan K.
245 _aPolitical integration: the formation of theory and its problems
_cby Johan K. De Vree
260 _aParis
_bHague
_c1972
300 _a389p.
650 _aPolitical science.
999 _c356110
_d356110